00379nam a2200145Ia 4500003000400000005001700004008004100021040001800062041000800080100004800088110001900136245002200155260001700177710003900194OSt20260318111906.0211028s2017 xx 000 0 und d cAIMIT LIBRARY aeng aSukesh, M S; Lasrado, Suman Antony.g151826 aRiyaz Mohammed aVirtual library / aMysorec2017 aParinati Solutions Private Limited